Human anatomy and physiology / (Record no. 5061)

MARC details
000 -LEADER
fixed length control field 00404cam a2200145 a 4500
020 ## - INTERNATIONAL STANDARD BOOK NUMBER
ISBN 0534010334
050 #0 - CALL NUMBER
Classification number QP34.5
Item number .C73
100 1# - AUTHOR
Personal name Creager, Joan G.
245 10 - TITLE
Title Human anatomy and physiology /
Statement of responsibility, etc Joan G. Creager.
260 ## - PUBLICATION INFORMATION
Place of publication Belmont, Calif. :
Name of publisher Wadsworth Pub. Co.,
Year of publication c1983.
300 ## - DESCRIPTION
Number of Pages 785, [40] p. :
Other physical details ill. (some col.)
650 #0 - SUBJECTS
Topical Term Human anatomy.
650 #0 - SUBJECTS
Topical Term Human physiology.
942 ## - ADDED ENTRY ELEMENTS (KOHA)
Koha item type Books
Holdings
Withdrawn status Lost status Home library Current library Date acquired Full call number Accession Number Koha item type
    Methodist University Library Wenchi Nursing Methodist University Library Wenchi Nursing 23/04/2019 QP34.5 .C73 4209 Books
    Methodist University Library Wenchi Nursing Methodist University Library Wenchi Nursing 28/10/2021 QP34.5 .C73 7197 Books
Copyright © 2026  MUG Library